[Event "Steyr Landesliga 1819"]
[Site "Austria"]
[Date "2019.03.23"]
[Round "10.3"]
[White "Kiss, Balint"]
[Black "Wilfling, Hermann"]
[Result "1/2-1/2"]
[WhiteElo "2243"]
[BlackElo "2168"]
[PlyCount "26"]
[EventDate "2018.10.06"]
[EventType "team-tourn"]
[EventRounds "11"]
[EventCountry "AUT"]
[SourceTitle "CBM 189 Extra"]
[Source "ChessBase"]
[SourceDate "2019.06.03"]
[SourceVersion "1"]
[SourceVersionDate "2019.06.03"]
[SourceQuality "1"]
[WhiteTeam "Fuerstenfeld/Hartberg"]
[BlackTeam "Feldbach Kirchberg"]
[WhiteTeamCountry "AUT"]
[BlackTeamCountry "AUT"]

1. e4 c5 2. Nf3 e6 3. d4 cxd4 4. Nxd4 a6 5. Bd3 Qc7 6. 0-0 Nc6 7. Nxc6 dxc6 8. a4 Nf6 9. Be3 Bd6 10. f4 e5 11. f5 h5 12. Kh1 Ng4 13. Bg1 Qe7 1/2-1/2

[Event "HUN-chT2 Szechenyi 1819"]
[Site "Hungary"]
[Date "2019.01.27"]
[Round "4.1"]
[White "Kosztolanczi, Gyula"]
[Black "Kiss, Balint"]
[Result "1/2-1/2"]
[WhiteElo "2064"]
[BlackElo "2243"]
[PlyCount "75"]
[EventDate "2018.10.28"]
[EventType "team-tourn"]
[EventRounds "9"]
[EventCountry "HUN"]
[SourceTitle "EXT 2021"]
[Source "ChessBase"]
[SourceDate "2020.10.23"]
[SourceVersion "1"]
[SourceVersionDate "2020.10.23"]
[SourceQuality "1"]
[WhiteTeam "Tapolca VSE II"]
[BlackTeam "Arboretum"]
[WhiteTeamCountry "HUN"]
[BlackTeamCountry "HUN"]

1. e4 c5 2. Nf3 Nc6 3. Nc3 g6 4. d4 cxd4 5. Nxd4 Bg7 6. Be3 Nf6 7. Bc4 0-0 8. Bb3 d6 9. h3 Bd7 10. 0-0 a6 11. Qd2 b5 12. a3 Rc8 13. Rfe1 Na5 14. Bh6 e5 15. Nde2 Nxb3 16. cxb3 Be6 17. Bxg7 Kxg7 18. b4 Qb6 19. Ng3 Rfd8 20. Rad1 Bb3 21. Qg5 Ng8 22. Rd3 f6 23. Nh5+ Kf7 24. Nxf6 Nxf6 25. Rf3 d5 26. Qxe5 Re8 27. Qf4 Kg7 28. e5 Ng8 29. Qf7+ Kh8 30. Nxd5 Bxd5 31. Qxd5 Qe6 32. Qd2 Red8 33. Qg5 Rf8 34. Rd3 Rce8 35. Qd2 Qf5 36. Rf3 Qe6 37. Rd3 Qf5 38. Rf3 1/2-1/2

[Event "Steyr Landesliga 1819"]
[Site "Austria"]
[Date "2018.11.17"]
[Round "5.3"]
[White "Bonstingl, Georg"]
[Black "Kiss, Balint"]
[Result "0-1"]
[WhiteElo "2215"]
[BlackElo "2243"]
[PlyCount "56"]
[EventDate "2018.10.06"]
[EventType "team-tourn"]
[EventRounds "11"]
[EventCountry "AUT"]
[SourceTitle "CBM 189 Extra"]
[Source "ChessBase"]
[SourceDate "2019.06.03"]
[SourceVersion "1"]
[SourceVersionDate "2019.06.03"]
[SourceQuality "1"]
[WhiteTeam "Gamlitz"]
[BlackTeam "Fuerstenfeld/Hartberg"]
[WhiteTeamCountry "AUT"]
[BlackTeamCountry "AUT"]

1. g3 e5 2. Bg2 d5 3. d3 Nf6 4. a3 a5 5. b3 Bd6 6. Nd2 Qe7 7. c4 c6 8. Qc2 0-0 9. e3 Bf5 10. e4 dxe4 11. Nxe4 Bxe4 12. dxe4 Na6 13. Nf3 Nd7 14. 0-0 Rfd8 15. Nh4 g6 16. Bb2 Nf8 17. f4 exf4 18. Kh1 Be5 19. Bxe5 Qxe5 20. gxf4 Qh5 21. Qf2 Rd3 22. b4 Rad8 23. Bf3 Qh6 24. b5 cxb5 25. cxb5 Nc7 26. b6 Nb5 27. Rad1 Qxf4 28. Ng2 Qxf3 0-1

[Event "Steyr Landesliga 1718"]
[Site "Austria"]
[Date "2018.04.14"]
[Round "11.3"]
[White "Kiss, Balint"]
[Black "Kersten, Julian"]
[Result "1-0"]
[WhiteElo "2271"]
[BlackElo "2009"]
[PlyCount "69"]
[EventDate "2017.09.30"]
[EventType "team-tourn"]
[EventRounds "11"]
[EventCountry "AUT"]
[SourceTitle "EXT 2021"]
[Source "ChessBase"]
[SourceDate "2020.10.23"]
[SourceVersion "1"]
[SourceVersionDate "2020.10.23"]
[SourceQuality "1"]
[WhiteTeam "Fuerstenfeld/Hartberg II"]
[BlackTeam "Soechau"]
[WhiteTeamCountry "AUT"]
[BlackTeamCountry "AUT"]

1. e4 c5 2. Nf3 d6 3. d4 cxd4 4. Nxd4 Nf6 5. Nc3 a6 6. Be3 e6 7. f3 b5 8. Qd2 Nbd7 9. g4 Nb6 10. 0-0-0 Bb7 11. Nb3 Rc8 12. Qf2 Nfd7 13. h4 Rxc3 14. bxc3 Na4 15. c4 bxc4 16. Bxc4 Qc7 17. Bd3 d5 18. Bd4 e5 19. Ba1 Nc3 20. exd5 Bb4 21. Bf5 0-0 22. d6 Nxd1 23. Rxd1 Bxd6 24. Bxd7 Qxd7 25. Nc5 Qe7 26. Rxd6 Qxd6 27. Nxb7 Qa3+ 28. Bb2 Qxa2 29. Qc5 f6 30. h5 Qe6 31. Nd6 Rd8 32. Ba3 e4 33. Qc7 Rf8 34. h6 gxh6 35. Nf5 1-0

[Event "Steyr Landesliga 1718"]
[Site "Austria"]
[Date "2017.11.11"]
[Round "4.3"]
[White "Manhardt, Thomas"]
[Black "Kiss, Balint"]
[Result "1-0"]
[WhiteElo "2232"]
[BlackElo "2271"]
[PlyCount "97"]
[EventDate "2017.09.30"]
[EventType "team-tourn"]
[EventRounds "11"]
[EventCountry "AUT"]
[SourceTitle "EXT 2019"]
[Source "ChessBase"]
[SourceDate "2018.10.10"]
[SourceVersion "1"]
[SourceVersionDate "2018.10.10"]
[SourceQuality "1"]
[WhiteTeam "Graz Styria"]
[BlackTeam "Fuerstenfeld/Hartberg II"]
[WhiteTeamCountry "AUT"]
[BlackTeamCountry "AUT"]

1. e4 e5 2. Nf3 Nc6 3. d4 exd4 4. Nxd4 Bc5 5. Be3 Qf6 6. c3 Nge7 7. Bc4 b6 8. 0-0 Bb7 9. Nb3 Ne5 10. Nxc5 bxc5 11. Be2 Bxe4 12. Bxc5 d6 13. Bd4 Qg6 14. f3 Bc6 15. Nd2 0-0 16. Nc4 Nxc4 17. Bxc4 Nf5 18. Bd3 Qg5 19. Qe2 Bd7 20. Kh1 h6 21. Be4 d5 22. f4 Qh5 23. Bf3 Qh4 24. Qf2 Qxf2 25. Bxf2 c6 26. Rfe1 g6 27. g4 Ng7 28. Re7 Rfd8 29. Re2 Be6 30. Rd1 f6 31. Bd4 Kf7 32. Rde1 Re8 33. c4 Rad8 34. g5 hxg5 35. fxg5 dxc4 36. Bxf6 Rd6 37. Kg2 Nf5 38. Kf2 Bd7 39. Bg4 Rxe2+ 40. Rxe2 Be6 41. Ke1 c5 42. Re4 Nd4 43. Bd1 Rb6 44. Re5 Rc6 45. h4 c3 46. bxc3 Nb5 47. h5 gxh5 48. Bxh5+ Kg8 49. Be8 1-0

[Event "Steyr Landesliga 1617"]
[Site "Austria"]
[Date "2017.02.04"]
[Round "7.4"]
[White "Bonstingl, Georg"]
[Black "Kiss, Balint"]
[Result "1/2-1/2"]
[WhiteElo "2221"]
[BlackElo "2211"]
[PlyCount "80"]
[EventDate "2016.10.01"]
[EventType "team-tourn"]
[EventRounds "11"]
[EventCountry "AUT"]
[SourceTitle "EXT 2018"]
[Source "ChessBase"]
[SourceDate "2017.10.13"]
[SourceVersion "1"]
[SourceVersionDate "2017.10.13"]
[SourceQuality "1"]
[WhiteTeam "Gamlitz"]
[BlackTeam "Fuerstenfeld/Hartberg"]
[WhiteTeamCountry "AUT"]
[BlackTeamCountry "AUT"]

1. Nf3 d5 2. g3 Nf6 3. Bg2 c6 4. b3 Bg4 5. Ne5 Bf5 6. Bb2 Nbd7 7. Nxd7 Qxd7 8. h3 e6 9. d3 Bd6 10. Nd2 e5 11. e4 dxe4 12. dxe4 Be6 13. a3 0-0 14. Qe2 Rfe8 15. Nc4 Bxc4 16. Qxc4 b5 17. Qe2 c5 18. 0-0 Qc6 19. a4 a6 20. Rfd1 Bc7 21. Bc1 Rad8 22. Rxd8 Rxd8 23. Bg5 Rb8 24. axb5 axb5 25. Rd1 Nd7 26. h4 Nf8 27. Bh3 h6 28. Be3 Qxe4 29. Bg2 Qb4 30. Rd5 Ne6 31. Rd7 Rd8 32. Bd2 Qa3 33. Rxd8+ Bxd8 34. Qxb5 Be7 35. Qe8+ Bf8 36. Bd5 Qa6 37. b4 Qd6 38. Bxe6 fxe6 39. Be3 cxb4 40. Qc8 Kh7 1/2-1/2

[Event "Steyr Landesliga 1617"]
[Site "Austria"]
[Date "2016.10.29"]
[Round "3.3"]
[White "Kiss, Balint"]
[Black "Rohler, Siegfried"]
[Result "1/2-1/2"]
[WhiteElo "2211"]
[BlackElo "2168"]
[PlyCount "53"]
[EventDate "2016.10.01"]
[EventType "team-tourn"]
[EventRounds "11"]
[EventCountry "AUT"]
[SourceTitle "CBM 175 Extra"]
[Source "ChessBase"]
[SourceDate "2016.12.12"]
[SourceVersion "1"]
[SourceVersionDate "2016.12.12"]
[SourceQuality "1"]
[WhiteTeam "Fuerstenfeld/Hartberg"]
[BlackTeam "Styria"]
[WhiteTeamCountry "AUT"]
[BlackTeamCountry "AUT"]

1. e4 Nf6 2. e5 Nd5 3. d4 d6 4. c4 Nb6 5. exd6 exd6 6. Be2 Be7 7. Nc3 0-0 8. Nf3 Bg4 9. 0-0 Nc6 10. b3 Bf6 11. Be3 d5 12. c5 Nc8 13. h3 Bh5 14. Qd2 h6 15. Nh2 Bxe2 16. Nxe2 N8e7 17. Ng3 Ng6 18. Ng4 Bh4 19. Nf5 Nce7 20. Nxg7 Kxg7 21. Bxh6+ Kh7 22. g3 f5 23. Bxf8 Qxf8 24. Ne5 Qg7 25. Qe2 Rh8 26. Kh2 Bf6 27. f4 1/2-1/2

[Event "Steyr Landesliga 1516"]
[Site "Austria"]
[Date "2016.01.23"]
[Round "6.3"]
[White "Kiss, Balint"]
[Black "Wilfling, Hermann"]
[Result "1/2-1/2"]
[WhiteElo "2135"]
[BlackElo "2144"]
[PlyCount "37"]
[EventDate "2015.09.26"]
[EventType "team-tourn"]
[EventRounds "11"]
[EventCountry "AUT"]
[SourceTitle "CBM 170 Extra"]
[Source "ChessBase"]
[SourceDate "2016.02.25"]
[SourceVersion "1"]
[SourceVersionDate "2016.02.25"]
[SourceQuality "1"]
[WhiteTeam "Fuerstenfeld/Hartberg"]
[BlackTeam "Feldbach Kirchberg"]
[WhiteTeamCountry "AUT"]
[BlackTeamCountry "AUT"]

1. e4 c5 2. Nf3 e6 3. d4 cxd4 4. Nxd4 a6 5. Bd3 Qc7 6. Qe2 Nc6 7. Nxc6 dxc6 8. a4 Nf6 9. 0-0 Bd6 10. h3 e5 11. a5 0-0 12. Nd2 Be6 13. Bc4 Rae8 14. Bxe6 Rxe6 15. Nc4 Bc5 16. Rd1 h6 17. c3 Rd8 18. Rxd8+ Qxd8 19. Bd2 1/2-1/2

[Event "HUN-chT2 Szechenyi 1516"]
[Site "Hungary"]
[Date "2015.11.08"]
[Round "4.1"]
[White "Kiss, Balint"]
[Black "Boronyak, Arpad"]
[Result "1-0"]
[WhiteElo "2105"]
[BlackElo "2179"]
[PlyCount "145"]
[EventDate "2015.09.13"]
[EventType "team-tourn"]
[EventRounds "11"]
[EventCountry "HUN"]
[SourceTitle "CBM 170 Extra"]
[Source "ChessBase"]
[SourceDate "2016.02.25"]
[SourceVersion "1"]
[SourceVersionDate "2016.02.25"]
[SourceQuality "1"]
[WhiteTeam "Arboretum"]
[BlackTeam "Csuti Baki Agrocentrum"]
[WhiteTeamCountry "HUN"]
[BlackTeamCountry "HUN"]

1. e4 c5 2. Nf3 e6 3. d4 cxd4 4. Nxd4 Nf6 5. Nc3 Nc6 6. Ndb5 d6 7. Bf4 e5 8. Bg5 a6 9. Na3 b5 10. Nd5 Be7 11. Bxf6 Bxf6 12. c3 0-0 13. Nc2 Bg5 14. a4 bxa4 15. Rxa4 a5 16. Bc4 Rb8 17. b3 Be6 18. 0-0 g6 19. Qd3 Kh8 20. b4 axb4 21. Ndxb4 Nxb4 22. Nxb4 Bxc4 23. Qxc4 Rc8 24. Qd3 f5 25. exf5 Qd7 26. Ra6 Qxf5 27. Rxd6 Qxd3 28. Rxd3 e4 29. Rd4 e3 30. Nd5 e2 31. Re1 Rfe8 32. f4 Bh6 33. Kf2 Bf8 34. Rd2 Bc5+ 35. Kf3 g5 36. Rexe2 gxf4 37. Nxf4 Rf8 38. g3 Bb6 39. Rd3 Rc6 40. Kg2 Rc4 41. Re7 Bd8 42. Rb7 Bf6 43. Rdd7 Bxc3 44. Rxh7+ Kg8 45. Rhc7 Rxc7 46. Rxc7 Be5 47. Rc4 Ra8 48. Kf3 Kf7 49. h4 Ra1 50. Ke4 Bd6 51. Kf5 Ra5+ 52. Kg4 Ra3 53. Re4 Bc7 54. Rd4 Bb6 55. Rd7+ Ke8 56. Rd3 Ra4 57. Kf5 Bf2 58. h5 Ra5+ 59. Kg4 Ra6 60. Kf3 Bc5 61. g4 Be7 62. Nd5 Bd8 63. Kf4 Kf7 64. Kf5 Ra5 65. g5 Kg7 66. h6+ Kh7 67. Kg4 Ra1 68. Kf5 Ra5 69. Kg4 Ra1 70. Rg3 Rd1 71. Nf4 Bc7 72. g6+ Kg8 73. Rc3 1-0

[Event "Steyr Landesliga 1516"]
[Site "Austria"]
[Date "2015.10.10"]
[Round "2.4"]
[White "Gampersberger, Herbert"]
[Black "Kiss, Balint"]
[Result "1-0"]
[WhiteElo "1999"]
[BlackElo "2135"]
[PlyCount "85"]
[EventDate "2015.09.26"]
[EventType "team-tourn"]
[EventRounds "11"]
[EventCountry "AUT"]
[SourceTitle "EXT 2017"]
[Source "ChessBase"]
[SourceDate "2016.10.25"]
[SourceVersion "1"]
[SourceVersionDate "2016.10.25"]
[SourceQuality "1"]
[WhiteTeam "Spg ISR"]
[BlackTeam "Fuerstenfeld/Hartberg"]
[WhiteTeamCountry "AUT"]
[BlackTeamCountry "AUT"]

1. c4 e5 2. Nc3 Nf6 3. Nf3 Nc6 4. g3 Bc5 5. Bg2 a6 6. a3 d6 7. b4 Ba7 8. Bb2 0-0 9. 0-0 Be6 10. d3 Qd7 11. Ng5 Bf5 12. e3 h6 13. Nge4 Nh7 14. Nd5 Bg4 15. f3 Be6 16. Nec3 Nd8 17. Ne2 c6 18. Ndc3 Bxe3+ 19. Kh1 Nf6 20. Qc2 Bh3 21. Nd1 Bxg2+ 22. Kxg2 Ba7 23. Nf2 Ne6 24. Ne4 Nh7 25. c5 d5 26. Nf2 Bb8 27. Rae1 f5 28. Ng1 d4 29. Qe2 Qd5 30. Bc1 Nf6 31. Ngh3 Bc7 32. Kg1 Rae8 33. g4 Nf4 34. Bxf4 exf4 35. Qd1 Rxe1 36. Rxe1 fxg4 37. fxg4 Qd7 38. g5 hxg5 39. Nxg5 Nd5 40. Qh5 Qf5 41. Re8 f3 42. Rxf8+ Kxf8 43. Nh7+ 1-0

[Event "EU-chT U18"]
[Site "Karpacz"]
[Date "2015.07.18"]
[Round "6.28"]
[White "Kiss, Balint"]
[Black "Dobrovoljc, Vid"]
[Result "0-1"]
[WhiteElo "2215"]
[BlackElo "2057"]
[PlyCount "92"]
[EventDate "2015.07.13"]
[EventType "team-swiss"]
[EventRounds "7"]
[EventCountry "POL"]
[SourceTitle "CBM 167 Extra"]
[Source "ChessBase"]
[SourceDate "2015.09.14"]
[SourceVersion "1"]
[SourceVersionDate "2015.09.14"]
[SourceQuality "1"]
[WhiteTeam "Austria U18"]
[BlackTeam "Slovenia (U18)"]
[WhiteTeamCountry "AUT"]
[BlackTeamCountry "SLO"]

1. e4 e6 2. d4 d5 3. Nd2 Nf6 4. e5 Nfd7 5. Bd3 c5 6. c3 Nc6 7. Ne2 cxd4 8. cxd4 f6 9. exf6 Nxf6 10. Nf3 Bd6 11. 0-0 Qc7 12. g3 0-0 13. Bf4 Ng4 14. Rc1 Bxf4 15. Nxf4 Rxf4 16. gxf4 Qxf4 17. Be2 Nf6 18. Qd2 Qxd2 19. Nxd2 Nxd4 20. Rfe1 e5 21. Nf3 Nxe2+ 22. Rxe2 Bg4 23. Re3 d4 24. Rb3 Bxf3 25. Rxf3 Rd8 26. Rb3 b6 27. f3 Kf7 28. Rc7+ Ke6 29. Rd3 g5 30. Rxa7 g4 31. fxg4 e4 32. Rd1 d3 33. g5 Ng4 34. Ra4 Kf5 35. h3 Ne3 36. Rd2 b5 37. Rb4 Nc4 38. Rxb5+ Kg6 39. Rf2 e3 40. Rf6+ Kg7 41. Rb7+ Kg8 42. Rff7 Nd6 43. Rg7+ Kf8 44. Rbd7 Rxd7 45. Rxd7 d2 46. Rxd6 e2 0-1

[Event "EU-chT U18"]
[Site "Karpacz"]
[Date "2015.07.15"]
[Round "3.20"]
[White "Kiss, Balint"]
[Black "Haavamae, Henrik"]
[Result "1/2-1/2"]
[WhiteElo "2215"]
[BlackElo "2055"]
[PlyCount "80"]
[EventDate "2015.07.13"]
[EventType "team-swiss"]
[EventRounds "7"]
[EventCountry "POL"]
[SourceTitle "CBM 167 Extra"]
[Source "ChessBase"]
[SourceDate "2015.09.14"]
[SourceVersion "1"]
[SourceVersionDate "2015.09.14"]
[SourceQuality "1"]
[WhiteTeam "Austria U18"]
[BlackTeam "Estonia (U18)"]
[WhiteTeamCountry "AUT"]
[BlackTeamCountry "EST"]

1. e4 c5 2. Nf3 Nc6 3. d4 cxd4 4. Nxd4 e5 5. Nb5 d6 6. N1c3 a6 7. Na3 b5 8. Nd5 Nge7 9. Bg5 h6 10. Bxe7 Nxe7 11. c4 Nxd5 12. Qxd5 Be6 13. Qd2 b4 14. Nc2 a5 15. Be2 Be7 16. 0-0 Bg5 17. Qd3 Qb6 18. b3 0-0 19. Bf3 f5 20. Ne3 Bxe3 21. Qxe3 Qxe3 22. fxe3 f4 23. exf4 Rxf4 24. Rfd1 a4 25. Rxd6 Bg4 26. Bxg4 Rxg4 27. Re1 axb3 28. axb3 Ra2 29. g3 Rc2 30. Rd3 Rg6 31. Rf3 Rd6 32. Rf2 Rc3 33. Rb1 Rdd3 34. Rf5 Rxb3 35. Rxb3 Rxb3 36. Rxe5 Rc3 37. Rc5 b3 38. Rb5 Rxc4 39. Rxb3 Rxe4 40. Kg2 Kf7 1/2-1/2

[Event "Steyr Landesliga 1415"]
[Site "Austria"]
[Date "2015.04.11"]
[Round "10.5"]
[White "Herrmann, Johann"]
[Black "Kiss, Balint"]
[Result "0-1"]
[WhiteElo "2149"]
[BlackElo "1985"]
[PlyCount "68"]
[EventDate "2014.09.27"]
[EventType "team-tourn"]
[EventRounds "11"]
[EventCountry "AUT"]
[SourceTitle "EXT 2016"]
[Source "ChessBase"]
[SourceDate "2015.10.08"]
[SourceVersion "1"]
[SourceVersionDate "2015.10.08"]
[SourceQuality "1"]
[WhiteTeam "Graz Styria"]
[BlackTeam "Fuerstenfeld/Hartberg"]
[WhiteTeamCountry "AUT"]
[BlackTeamCountry "AUT"]

1. c4 e5 2. g3 Nc6 3. Bg2 Nf6 4. Nc3 Bc5 5. e3 d5 6. cxd5 Nb4 7. d4 exd4 8. exd4 Be7 9. Qb3 Bf5 10. Bf4 Nc2+ 11. Kf1 Nxa1 12. Qxb7 0-0 13. Bxc7 Qc8 14. d6 Bd8 15. Qxa8 Qa6+ 16. Nge2 Bxc7 17. Qf3 Bg4 18. Qe3 Bxd6 19. f3 Bf5 20. g4 Bd3 21. g5 Re8 22. Qd2 Bxe2+ 23. Nxe2 Bf4 24. Qxf4 Qxe2+ 25. Kg1 Nd5 26. Qc1 Ne3 27. Bf1 Nxf1 28. Qxf1 Qd2 29. Qxa1 Re1+ 30. Qxe1 Qxe1+ 31. Kg2 Qd2+ 32. Kg3 Qxg5+ 33. Kf2 Qd2+ 34. Kg3 Kf8 0-1

[Event "AUT-ch U16"]
[Site "St Veit"]
[Date "2015.04.02"]
[Round "7.1"]
[White "Kiss, Balint"]
[Black "Kessler, Luca"]
[Result "1/2-1/2"]
[WhiteElo "2084"]
[BlackElo "2329"]
[PlyCount "60"]
[EventDate "2015.03.29"]
[EventType "swiss"]
[EventRounds "7"]
[EventCountry "AUT"]
[SourceTitle "EXT 2024"]
[Source "ChessBase"]
[SourceDate "2023.10.10"]
[SourceVersion "1"]
[SourceVersionDate "2023.10.10"]
[SourceQuality "1"]

1. e4 e6 2. d4 d5 3. Nd2 c5 4. exd5 Qxd5 5. Ngf3 cxd4 6. Bc4 Qd7 7. 0-0 Nc6 8. Nb3 Nf6 9. Nbxd4 Nxd4 10. Nxd4 a6 11. Bb3 Bc5 12. Be3 Qc7 13. Qe2 0-0 14. Nf3 Bxe3 15. Qxe3 Rd8 16. Rad1 Bd7 17. Ne5 Be8 18. c3 Rac8 19. h3 Kf8 20. Nf3 Rxd1 21. Rxd1 Qc5 22. Rd4 Qf5 23. Rd1 Qe4 24. Qxe4 Nxe4 25. Ne5 Ke7 26. f4 Nd6 27. Kf2 h6 28. Nf3 Bc6 29. g4 Rd8 30. Nd4 Rc8 1/2-1/2

[Event "AUT-ch U16"]
[Site "St Veit"]
[Date "2015.03.30"]
[Round "3.4"]
[White "Proyer, Enno"]
[Black "Kiss, Balint"]
[Result "1/2-1/2"]
[WhiteElo "1949"]
[BlackElo "2084"]
[PlyCount "60"]
[EventDate "2015.03.29"]
[EventType "swiss"]
[EventRounds "7"]
[EventCountry "AUT"]
[SourceTitle "EXT 2024"]
[Source "ChessBase"]
[SourceDate "2023.10.10"]
[SourceVersion "1"]
[SourceVersionDate "2023.10.10"]
[SourceQuality "1"]

1. d4 Nf6 2. c4 g6 3. Nc3 d5 4. cxd5 Nxd5 5. Bd2 Bg7 6. e4 Nb6 7. Be3 0-0 8. h3 Nc6 9. Nf3 Na5 10. Qc2 Bd7 11. Be2 Rc8 12. b4 Nac4 13. Bf4 e5 14. Bg5 f6 15. Qb3 fxg5 16. Bxc4+ Nxc4 17. Qxc4+ Kh8 18. Nxe5 Be6 19. Qxe6 Qxd4 20. 0-0 Qxe5 21. Qxe5 Bxe5 22. Rac1 c6 23. Rfd1 Rcd8 24. Kf1 Bxc3 25. Rxd8 Rxd8 26. Rxc3 Rd4 27. b5 Rxe4 28. bxc6 bxc6 29. Rxc6 Ra4 30. Rc2 Kg7 1/2-1/2

[Event "Steyr Landesliga 1415"]
[Site "Austria"]
[Date "2015.03.07"]
[Round "8.4"]
[White "Kiss, Balint"]
[Black "Sonnberger, Thomas"]
[Result "1/2-1/2"]
[WhiteElo "1985"]
[BlackElo "2091"]
[PlyCount "138"]
[EventDate "2014.09.27"]
[EventType "team-tourn"]
[EventRounds "11"]
[EventCountry "AUT"]
[SourceTitle "EXT 2016"]
[Source "ChessBase"]
[SourceDate "2015.10.08"]
[SourceVersion "1"]
[SourceVersionDate "2015.10.08"]
[SourceQuality "1"]
[WhiteTeam "Fuerstenfeld/Hartberg"]
[BlackTeam "Gleisdorf"]
[WhiteTeamCountry "AUT"]
[BlackTeamCountry "AUT"]

1. e4 c6 2. d4 d5 3. Nc3 dxe4 4. Nxe4 Nd7 5. Nf3 Ngf6 6. Nxf6+ Nxf6 7. h3 Bf5 8. Bd3 e6 9. 0-0 Bxd3 10. Qxd3 Bd6 11. c4 0-0 12. Be3 Qc7 13. Rfd1 Rfd8 14. Bg5 Be7 15. Qe3 h6 16. Bh4 Nh5 17. Bxe7 Qxe7 18. d5 cxd5 19. cxd5 Rd6 20. Rd2 Nf6 21. Rad1 b6 22. dxe6 Rxe6 23. Qb3 Ne4 24. Re2 Rd8 25. Rde1 Nc5 26. Rxe6 Nxe6 27. Qc3 Qd6 28. Qe5 Qd3 29. Qe3 Qc2 30. Qe2 Rc8 31. Ne5 Qf5 32. Qb5 Rc2 33. Qe8+ Nf8 34. Nf3 Rxb2 35. a3 Qc2 36. Qe3 Rb3 37. Qe7 Qc5 38. Qxa7 Rxa3 39. Qb8 Ra2 40. Rf1 b5 41. Ne5 Rd2 42. Nxf7 b4 43. Qg3 Kh7 44. Qf4 Re2 45. Qf3 Re7 46. Nxh6 gxh6 47. Qxf8 b3 48. Qf6 Qb4 49. Qf5+ Kg7 50. Qg4+ Qxg4 51. hxg4 b2 52. Rb1 Re2 53. f3 Kf6 54. Kh2 Ke5 55. Kg3 Kd4 56. f4 Kc3 57. g5 hxg5 58. fxg5 Re4 59. Kh3 Kc2 60. Rxb2+ Kxb2 61. g4 Kc3 62. Kh4 Kd4 63. g6 Re8 64. Kg5 Kd5 65. g7 Ke6 66. Kg6 Rg8 67. g5 Ra8 68. Kh7 Kf7 69. g6+ Kf6 1/2-1/2

[Event "Steyr Landesliga 1415"]
[Site "Austria"]
[Date "2015.01.24"]
[Round "6.6"]
[White "Kiss, Balint"]
[Black "Schrittwieser, Herbert"]
[Result "1/2-1/2"]
[WhiteElo "1985"]
[BlackElo "2185"]
[PlyCount "44"]
[EventDate "2014.09.27"]
[EventType "team-tourn"]
[EventRounds "11"]
[EventCountry "AUT"]
[SourceTitle "EXT 2016"]
[Source "ChessBase"]
[SourceDate "2015.10.08"]
[SourceVersion "1"]
[SourceVersionDate "2015.10.08"]
[SourceQuality "1"]
[WhiteTeam "Fuerstenfeld/Hartberg"]
[BlackTeam "Graz Austria"]
[WhiteTeamCountry "AUT"]
[BlackTeamCountry "AUT"]

1. e4 c5 2. Nf3 Nf6 3. Nc3 d5 4. exd5 Nxd5 5. Bb5+ Bd7 6. Ne5 Nf6 7. 0-0 Bxb5 8. Nxb5 a6 9. Nc3 Nbd7 10. d4 e6 11. Nxd7 Qxd7 12. Be3 Rc8 13. Re1 Be7 14. dxc5 Bxc5 15. Bxc5 Qxd1 16. Raxd1 Rxc5 17. Rd2 Ke7 18. Ne4 Re5 19. Rde2 Nxe4 20. Rxe4 Rxe4 21. Rxe4 Rc8 22. c3 Rd8 1/2-1/2

[Event "World ol U16"]
[Site "Gyor"]
[Date "2014.12.14"]
[Round "2.2"]
[White "Kiss, Balint"]
[Black "Rabeea, Sabah Nori"]
[Result "0-1"]
[WhiteElo "2090"]
[BlackElo "1944"]
[PlyCount "144"]
[EventDate "2014.12.13"]
[EventType "team-swiss"]
[EventRounds "10"]
[EventCountry "HUN"]
[SourceTitle "EXT 2016"]
[Source "ChessBase"]
[SourceDate "2015.10.08"]
[SourceVersion "1"]
[SourceVersionDate "2015.10.08"]
[SourceQuality "1"]
[WhiteTeam "Austria"]
[BlackTeam "Iraq"]
[WhiteTeamCountry "AUT"]
[BlackTeamCountry "IRQ"]

1. e4 e5 2. Nf3 Nc6 3. d4 exd4 4. Nxd4 Bc5 5. Nb3 Bb6 6. Nc3 d6 7. Qe2 Nge7 8. Be3 0-0 9. 0-0-0 f5 10. Bg5 h6 11. Bxe7 Qxe7 12. f3 fxe4 13. Qxe4 Bf5 14. Bc4+ Kh8 15. Qxe7 Nxe7 16. Rhe1 Nc6 17. Bd5 Rae8 18. a3 Bf2 19. Rf1 Be3+ 20. Kb1 Re5 21. f4 Re7 22. g3 Bh3 23. Rh1 Bg4 24. Rde1 Rfe8 25. Bg2 Bb6 26. Re4 Bf5 27. Rxe7 Rxe7 28. h3 Bd4 29. Rd1 Bxc3 30. bxc3 Re3 31. g4 Be4 32. Bxe4 Rxe4 33. f5 Re3 34. Rd3 Rxd3 35. cxd3 Kh7 36. d4 h5 37. Nd2 Ne7 38. Nf3 hxg4 39. hxg4 Nd5 40. Ng5+ Kg8 41. Ne4 Ne3 42. f6 Nxg4 43. fxg7 Kxg7 44. Kb2 Nf6 45. Nd2 Kf7 46. Nc4 Ke6 47. Kb3 Kd5 48. Nd2 Ne4 49. Nf3 a6 50. a4 a5 51. c4+ Kc6 52. Kc2 Nf6 53. Kc3 Nd7 54. Kb3 Kb6 55. Kc3 c6 56. Kb3 Ka6 57. Nd2 Nf6 58. Nf3 b5 59. cxb5+ cxb5 60. axb5+ Kxb5 61. Nd2 d5 62. Nf3 a4+ 63. Ka3 Ne4 64. Ne5 Nd2 65. Nd7 Nc4+ 66. Ka2 Kb4 67. Nc5 a3 68. Ne6 Ne3 69. Nf4 Ka4 70. Ne6 Nc2 71. Nf4 Nb4+ 72. Ka1 Kb3 0-1